Boston, April 13. 1761 : Whereas an act was pass'd by the Great and General Court of this province in January 1761, for enquiring into the rateable estate of said province; the assessors of the town of Boston, in conformity to the said act,--do hereby notify the inhabitants of said town, that they bring in true and perfect lists ...

Bibliographic Details
Corporate Authors: Boston (Mass.). Assessing Department, Massachusetts
Format: eBook
Language:English
Published: [Boston] : [publisher not identified], [1761]
Series:Early American imprints. Evans (1639-1800) ; no. 41185.
Subjects:
Online Access:Evans Digital Edition

MARC

Tag First Indicator Second Indicator Subfields
LEADER 00000cam a22000001a 4500
001 in00002132321
006 m e d #
007 cr mn mmmmabba
008 820223s1761 mau s l000 0 eng d
005 20260331163953.9
035 |z w009550 
035 |a MAAR8202234401B 
035 |9 mwa91-5449 
035 |a 314979 
035 |a aas03009550 
040 |a MWA  |c MWA  |e bdrb  |d UtOrBLW 
110 1 |a Boston (Mass.).  |b Assessing Department. 
245 1 0 |a Boston, April 13. 1761 :  |b Whereas an act was pass'd by the Great and General Court of this province in January 1761, for enquiring into the rateable estate of said province; the assessors of the town of Boston, in conformity to the said act,--do hereby notify the inhabitants of said town, that they bring in true and perfect lists ... 
264 1 |a [Boston] :  |b [publisher not identified],  |c [1761] 
300 |a 1 sheet (1 unnumbered page) 
336 |a text  |b txt  |2 rdacontent 
337 |a computer  |b c  |2 rdamedia 
338 |a online resource  |b cr  |2 rdacarrier 
500 |a Includes an extract from the act. 
510 4 |a Bristol  |c B2192 
510 4 |a Shipton & Mooney  |c 41185 
510 4 |a Ford, W.C. Broadsides,  |c 1228 
530 |a Microform version available in the Readex Early American Imprints series. 
533 |a Electronic text and image data.  |b [Chester, Vt. :  |c Readex, a division of Newsbank, Inc.,  |d 2002-2004.  |e Includes files in TIFF, GIF and PDF formats with inclusion of keyword searchable text.  |f (Early American imprints. First series ; no. 41185). 
500 |a Electronic resource. 
650 0 |a Taxation  |z Massachusetts. 
650 0 |a Tax assessment  |z Massachusetts  |z Boston. 
655 7 |a Broadsides.  |2 rbgenr 
710 1 2 |a Massachusetts.  |t Act for enquiring into the rateable estates of this province. 
752 |a United States  |b Massachusetts  |d Boston. 
830 0 |a Early American imprints.  |n Series I,  |p Evans (1639-1800) ;  |v no. 41185. 
856 4 1 |u http://proxy.library.tamu.edu/login?url=https://opac.newsbank.com/select/evans/41185  |y Evans Digital Edition  |t 0 
999 |a MARS 
999 f f |s feebc454-8ea1-3f98-a7cc-49d52b45bbd6  |i cc389fc9-01ab-3e0a-bfa5-355f07a4ba19  |t 0 
952 f f |a Texas A&M University  |b College Station  |c Electronic Resources  |s www_evans  |d Available Online  |t 0  |h No information provided 
998 f f |t 0  |l Available Online